000 00550nam a2200229Ia 4500
003 OSt
005 20220918180617.0
006 a|||||r|||| 00| 0
007 ta
008 220917b |||||||| |||| 00| 0 eng d
024 _a23,116
037 _cTextual
040 _aARTS
_cARTS
_beng
041 _2eng
_aeng
082 _aO:3N271L4, J7
100 _aNaipaul V S
245 0 _aMystic masseur
260 _c1957
650 _aENGLISH LITERATURE
942 _hO:3N271L4, J7
_cTEXL
_2CC
999 _c162247
_d162247